| 000 | 00779nam a2200265 a 4500 | ||
|---|---|---|---|
| 999 |
_c7808 _d7808 |
||
| 001 | 7808 | ||
| 003 | BD - JhCC | ||
| 005 | 20180628102624.0 | ||
| 008 | 940705s1984 enk 000 0 eng d | ||
| 020 | _a0192816241 | ||
| 020 | _a0192833103 (1996 printing) | ||
| 035 | _a(BD-JhCC)7808 | ||
| 040 |
_aBD-JhCC _dBD-JhCC |
||
| 041 | _aeng | ||
| 082 |
_bCON 1984 _a823.912 |
||
| 100 | 1 |
_aConrad, Joseph, _d1857-1924. |
|
| 245 | 1 | 0 |
_aNostromo : _ba tale of the seaboard / _cJoseph Conrad ; edited with an introduction by Keith Carabine |
| 260 |
_aOxford : _bOxford University Press, _c1984 |
||
| 300 |
_axlvii, 590 p. ; _c19 cm. |
||
| 504 | _aIncludes a select bibliography. | ||
| 700 | 1 | _aCarabine, Keith. | |
| 830 | 0 | _aWorld's classics. | |
| 942 |
_2ddc _cBK |
||